| LEADER |
00963nam0a2200193 450 |
| 001 |
16848334 |
| 010 |
|
|
|a 978-2-9577605-6-5
|b cart.
|d 10
|
| 100 |
|
|
|a 20230217d2023 u u0frey01 ba
|
| 101 |
0 |
|
|a fre
|
| 102 |
|
|
|a FR
|
| 200 |
0 |
|
|a Gladiateurs et sports professionnels
|f Bruno Axel Traesch
|
| 207 |
|
1 |
|a
|
| 210 |
|
|
|a Paris
|c Aqueduc bleu (L')
|d 2023
|
| 215 |
|
|
|a 1 vol. (90 p.)
|d 23 x 16 cm
|
| 330 |
|
|
|a L'auteur établit une analogie entre les gladiateurs et les sportifs professionnels du XXIe siècle. De là, il souligne la modernité de l'économie construite autour des combats de gladiateurs : la richesse des champions, les clubs de supporters locaux, l'hooliganisme, le merchandising, l'indemnisation des blessures, les paris, entre autres. Electre 2023
|
| 700 |
|
0 |
|a Traesch
|b Bruno Axel
|4 70
|
| 900 |
|
|
|a Documentaire
|
| 901 |
|
|
|a Accessible au prêt
|
| 995 |
|
|
|a Bibliothèque
|c Bibliothèque
|f 00156011094398
|h 00156011094398
|k 796 TRA
|o p
|q a
|r az
|e Bibliothèque
|